[Event "Regionalliga SO 0304"]
[Site "Bayern"]
[Date "2004.03.07"]
[Round "7.7"]
[White "Mayr, Florian"]
[Black "Pronold, Herbert"]
[Result "1/2-1/2"]
[WhiteElo "2046"]
[BlackElo "1996"]
[PlyCount "94"]
[EventDate "2003.10.??"]
[EventType "team-tourn"]
[EventRounds "9"]
[EventCountry "GER"]
[SourceTitle "EXT 2006"]
[Source "ChessBase"]
[SourceDate "2005.11.24"]
[SourceVersion "1"]
[SourceVersionDate "2005.11.24"]
[SourceQuality "1"]
[WhiteTeam "Starnberg"]
[BlackTeam "Freilassing"]
[WhiteTeamCountry "GER"]
[BlackTeamCountry "GER"]

1. e4 e6 2. d4 d5 3. Nc3 Nf6 4. f3 Be7 5. Be3 0-0 6. Bd3 b6 7. Nce2 c5 8. e5 Nfd7 9. c3 Ba6 10. Bb1 Nc6 11. Qc2 g6 12. Qa4 Qc8 13. Bh6 Re8 14. h4 cxd4 15. cxd4 Bb4+ 16. Kf2 Be7 17. g4 Nb4 18. Qd1 Qd8 19. g5 Rc8 20. a3 Nc6 21. f4 Na5 22. b4 Nc4 23. h5 Qc7 24. Nf3 Bf8 25. hxg6 fxg6 26. Bd3 Nb2 27. Bxa6 Nxd1+ 28. Raxd1 Rb8 29. Rc1 Qd8 30. Bd3 Rc8 31. Rcg1 a5 32. Nh4 Bxh6 33. Nxg6 hxg6 34. Rxh6 Nf8 35. Bxg6 Nxg6 36. Rxg6+ Kf7 37. Rf6+ Ke7 38. f5 exf5 39. Nf4 Qd7 40. Rh1 Rc2+ 41. Ke3 Qb5 42. Rd6 Rg8 43. Rh7+ Ke8 44. Rb7 Rxg5 45. Rb8+ Kf7 46. Rb7+ Ke8 47. Rb8+ Kf7 1/2-1/2

[Event "Regionalliga SO 0304"]
[Site "Bayern"]
[Date "2003.10.12"]
[Round "1.8"]
[White "Peter, Herbert"]
[Black "Pronold, Herbert"]
[Result "1-0"]
[WhiteElo "1910"]
[BlackElo "1996"]
[PlyCount "61"]
[EventDate "2003.10.??"]
[EventType "team-tourn"]
[EventRounds "9"]
[EventCountry "GER"]
[SourceTitle "EXT 2006"]
[Source "ChessBase"]
[SourceDate "2005.11.24"]
[SourceVersion "1"]
[SourceVersionDate "2005.11.24"]
[SourceQuality "1"]
[WhiteTeam "Ilmmuenster"]
[BlackTeam "Freilassing"]
[WhiteTeamCountry "GER"]
[BlackTeamCountry "GER"]

1. e4 e6 2. d4 d5 3. Nc3 Nf6 4. e5 Nfd7 5. Nce2 c5 6. f4 cxd4 7. Nxd4 Nc6 8. c3 Be7 9. Bb5 Nxd4 10. Qxd4 a6 11. Bxd7+ Bxd7 12. Be3 0-0 13. Nf3 Rc8 14. Qd2 b5 15. a3 Qc7 16. 0-0 f6 17. Bd4 Bc5 18. Rae1 Bxd4+ 19. Nxd4 Qb6 20. Kh1 a5 21. exf6 Rxf6 22. Re5 b4 23. axb4 axb4 24. Rfe1 bxc3 25. bxc3 Qd6 26. g3 h6 27. Qe3 Qa3 28. Nxe6 Rxc3 29. Qb6 Bxe6 30. Rxe6 Rc1 31. Qd8+ 1-0

[Event "Regionalliga SO 0203"]
[Site "Bayern"]
[Date "2003.03.30"]
[Round "9.6"]
[White "Wagner, Carmen"]
[Black "Pronold, Herbert"]
[Result "1/2-1/2"]
[WhiteElo "1682"]
[BlackElo "2028"]
[PlyCount "43"]
[EventDate "2002.10.20"]
[EventType "team-tourn"]
[EventRounds "9"]
[EventCountry "GER"]
[SourceTitle "EXT 2004"]
[Source "ChessBase"]
[SourceDate "2003.11.25"]
[SourceVersion "1"]
[SourceVersionDate "2003.11.25"]
[SourceQuality "1"]
[WhiteTeam "Freyung"]
[BlackTeam "Freilassing"]
[WhiteTeamCountry "GER"]
[BlackTeamCountry "GER"]

1. c4 c6 2. Nc3 d5 3. cxd5 cxd5 4. d4 Nf6 5. Bg5 e6 6. Nf3 Be7 7. e3 Nc6 8. Be2 0-0 9. 0-0 h6 10. Bxf6 Bxf6 11. Rc1 Qb6 12. Na4 Qa5 13. Rc5 Qd8 14. a3 Bd7 15. b4 a5 16. b5 Na7 17. Qb3 Rc8 18. Rfc1 Qe8 19. Rxc8 Nxc8 20. Nc5 Nd6 21. Nxd7 Qxd7 22. Bd3 1/2-1/2